000 01864nam0a2200337 4500
001 RU\NLR\BIBL_A\012774573
005 20250624152546.0
035 _a(NLR Aleph) 012774573
090 _a13103535
_c13103535
100 _a20220427d1959 |||y0rusy50 ca
101 0 _abel
102 _aRU
105 _ac|||ag||011zb
181 0 _ai
_baxxe
182 0 _an
200 1 _aМiхась Лынькоў
_eбiблiяграфiчны даведник
_eда 60-годдзя з дня нараджэння
_fДзяржаўная бiблiятэка БССР iмя В.I. Ленiна, Аддзел беларускай лiтаратуры i бiблiяграфii
_gсклала Н. Ватацы
203 _aТекст
_bвизуальный
_cнепосредственный
210 _aМiнск
_cрэдакцыйна-выдавецкi аддзел Кнiжнай палаты БССР пры Дзяржаўнай бiблiятэцы БССР iмя У.I. Ленина
_d1959
215 _a87, [2] с., [1] л. портр.
_d17
225 1 _aПiсьменнiкi БССР
320 _aБиблиогр. в подстроч. примеч.
320 _aАлф. паказ. твораў М. Лынькова: с. 82
320 _aАлф. паказ. аўтараў артыкулаў i рэцэнзiй, змешчаных у даведнiку: с. 87-88
702 1 _4280
_7ca
_8bel
_aЛынькоў
_bМ.
_f1899-1975
_gМiхась
_9184449
_3RU\NLR\AUTH\770184500
702 1 _aВатацы
_bН. Б.
_4220
712 0 2 _4220
_7ca
_8bel
_aДзяржаўная бiблiятэка БССР iм. У. I. Ленина
_bАддзел беларускай лiтаратуры i бiблiяграфii
_cМiнск
_9787924
_3RU\NLR\AUTH\880560345
852 _aNLR
_j641/Л-88
942 _cBOOK
980 _aNB